| Tag |
First Indicator |
Second Indicator |
Subfields |
| LEADER |
00000cam a2200000 a 4500 |
| 001 |
in00002319081 |
| 005 |
20151109120533.0 |
| 008 |
070601s2007 nhua b 000 0 eng d |
| 010 |
|
|
|a 2007923144
|
| 020 |
|
|
|a 9780979013010
|
| 020 |
|
|
|a 0979013011
|
| 035 |
|
|
|a (OCoLC)ocn244793658
|
| 040 |
|
|
|a RIU
|c RIU
|d SUC
|d UtOrBLW
|
| 043 |
|
|
|a n-us---
|
| 049 |
|
|
|a TXAM
|
| 050 |
|
0 |
|a PS508.P7
|b E95 2008
|
| 082 |
0 |
|
|a 810.80920692
|2 22
|
| 245 |
0 |
0 |
|a Exiled voice :
|b portals of discovery : stories, poems, and drama by imprisoned writers /
|c edited by Susan Nagelsen ; introduction by Robert Johnsons ; photographs by Lou Jones.
|
| 264 |
|
1 |
|a Lebanon, N.H. :
|b New England College Press,
|c [2008]
|
| 264 |
|
4 |
|c ©2008
|
| 300 |
|
|
|a xviii, 233 pages :
|b illustrations (some color) ;
|c 24 cm.
|
| 336 |
|
|
|a text
|b txt
|2 rdacontent
|
| 337 |
|
|
|a unmediated
|b n
|2 rdamedia
|
| 338 |
|
|
|a volume
|b nc
|2 rdacarrier
|
| 504 |
|
|
|a Includes bibliographical references (pages 229-232).
|
| 650 |
|
0 |
|a Prisoners' writings, American.
|
| 650 |
|
0 |
|a Prisons
|z United States
|v Literary collections.
|
| 650 |
|
0 |
|a Prisoners
|z United States
|v Literary collections.
|
| 650 |
|
0 |
|a Criminals
|z United States
|v Literary collections.
|
| 650 |
|
0 |
|a Prisoners as artists.
|
| 650 |
|
0 |
|a Prison psychology.
|
| 700 |
1 |
|
|a Nagelsen, Susan.
|
| 700 |
1 |
|
|a Johnson, Robert,
|d 1948-
|
| 700 |
1 |
|
|a Jones, Lou,
|d 1945-
|
| 945 |
|
|
|a PromptCat
|
| 946 |
|
|
|a stk
|
| 947 |
|
|
|a A14836757828
|
| 948 |
|
|
|a cataloged
|b h
|c 2008/9/26
|d c
|e dmitchel
|f 1:44:26 pm
|
| 994 |
|
|
|a C0
|b TXA
|
| 999 |
|
|
|a MARS
|
| 999 |
f |
f |
|s 20abb6cb-4a2f-3a2a-b88c-e6ae76e7a3da
|i ed9a26ce-2bec-3332-b795-b1a45be60b3f
|t 0
|
| 952 |
f |
f |
|p ric
|a Texas A&M University
|b Rellis Campus
|c Joint Library Facility
|d Remote Storage
|t 0
|e PS508.P7 E95 2008
|h Library of Congress classification
|i unmediated -- volume
|m A14836757828
|
| 998 |
f |
f |
|a PS508.P7 E95 2008
|t 0
|l Remote Storage
|